Statistiche per Paesi più vicini al Bahrain

Clicka qui per fare il quiz!

Statistiche generali

  • Questo quiz è stato fatto 36 volte
  • Il punteggio medio è 17 su 20

Statistiche sulle risposte

kmnazione% Corretto
0Arabia Saudita
100%
158Emirati Arabi Uniti
100%
1Qatar
97%
191Iran
94%
448Iraq
94%
509Oman
94%
771Yemen
94%
1283Siria
91%
322Kuwait
84%
1077Afghanistan
81%
1269Giordania
81%
1088Pakistan
81%
1447Armenia
75%
1356Azerbaijan
75%
1449Egitto
75%
1325Turchia
75%
1264Turkmenistan
72%
1513Somalia
69%
1449Sudan
63%
1513Eritrea
56%

Distribuzione punteggi

Percentile per numero di risposta

Percentuale di utenti per punteggio

I tuoi punteggi nel tempo

Non hai fatto questo quiz